| 000 | 00543nam a2200205Ia 4500 | ||
|---|---|---|---|
| 005 | 20250508165106.0 | ||
| 008 | 008 250505s9999 xx 000 0 hin d | ||
| 037 | _aTextual | ||
| 040 |
_aFEDL _beng _cFEDL |
||
| 041 |
_ahin _2hin |
||
| 084 |
_a954.092, AZA _qFEDL |
||
| 100 |
_aDesnavi Abdul Qavi _9779869 |
||
| 245 | 0 | _aAbul Kalam Azad | |
| 260 |
_aNew Delhi, India _bSahitya Akademi _c1995 |
||
| 300 | _a104p. | ||
| 365 |
_aINR _b25 |
||
| 546 | _aMACESE | ||
| 942 |
_cTEXL _h954.092, AZA |
||
| 999 |
_c1393114 _d1393114 |
||